Kozmetické aspekty kožných reakcií po chemoterapii nádorových ochorení bakalárska práca

Enregistré dans:
Détails bibliographiques
Auteur principal: Sekerešová, Mária
Format: Livre
Langue:slovaque
Publié: Bratislava STU FCHPT 2017
Accès en ligne:Voir à l'OPAC
Tags: Ajouter un tag
Pas de tags, Soyez le premier à ajouter un tag!

MARC

LEADER 00000nam a2200000 a 4500
005 20260127133958.0
008 171030 2017 xo 001 0 slo d
035 |a vtls011718078 
039 9 |y 201710301348  |z mschk03 
040 |a STUSCHK1  |b slo  |c STUSCHK1  |e AACR2 
100 1 |a Sekerešová, Mária 
245 1 |a Kozmetické aspekty kožných reakcií po chemoterapii nádorových ochorení  |b bakalárska práca  |c Mária Sekerešová 
260 |a Bratislava  |b STU FCHPT  |c 2017 
300 |a 50 s.  |b il.  |c 25 cm 
500 |a Študijný program: výživa, kozmetika, ochrana zdravia 
500 |a Študijný odbor: potravinárstvo 
500 |a Školiace pracovisko: Ústav potravinárstva a výživy 
500 |a Evid. číslo: FCHPT-104558-76901 
910 |a SCHK95 
999 |c 1377  |d 1377